000 00571nam a22002297a 4500
003 UA-OsUOA
001 93299
007 ta
008 20130117b un ||||| |||| 00| 0 ukr d
100 _aВнуков А.
090 _a821.161.1
_bВ60
942 _cBK
040 _aUA-OsUOA
_brus
_cUA-OsUOA
_dUA-OsUOA
245 _aСон обезьяны
300 _a45 с.
955 _a3
041 _arus
080 _a821.161.1
260 _aМ.
_bПравда
_c1991
650 7 _a82 Література. Літературознавство
_2UDC
999 _c379543
_d379543